[Event "Titled Tuesday intern op 30th Apr Early"]
[Site "Chess.com INT"]
[Date "2024.04.30"]
[Round "8"]
[White "Demina, Marya"]
[Black "Cogan, Nicolas"]
[Result "1-0"]
[WhiteElo "1962"]
[BlackElo "2110"]
[PlyCount "141"]
[EventDate "2024.04.30"]
[EventType "swiss (blitz)"]
[EventRounds "11"]
[EventCountry "USA"]
[SourceTitle "CB19_2024"]
[SourceDate "2024.05.08"]
[SourceVersion "1"]
[SourceVersionDate "2024.05.08"]
[SourceQuality "1"]

1. d4 Nf6 2. Nf3 d5 3. c4 e6 4. Nc3 Bb4 5. Qc2 0-0 6. e3 b6 7. Bd3 Bb7 8. Ne5 Nbd7 9. f4 dxc4 10. Bxc4 c5 11. 0-0 cxd4 12. exd4 Bxc3 13. bxc3 Ne4 14. Ba3 Re8 15. Bd3 Ndf6 16. Rae1 Qd5 17. Nf3 Nd6 18. c4 Qc6 19. Ne5 Qc7 20. Qe2 Rac8 21. Rc1 Nf5 22. Qf2 Red8 23. Bb2 Qb8 24. Rfd1 Ne4 25. Qe2 Nf6 26. Bb1 a6 27. g4 Nh4 28. Qf2 Ng6 29. h4 Qa8 30. h5 Nf8 31. Qh2 Ne4 32. h6 g6 33. Qh4 f6 34. Nd3 Rd7 35. Nf2 Nxf2 36. Qxf2 Rf7 37. Qh2 Re8 38. Re1 Bc6 39. Rcd1 Qb8 40. Qf2 Rfe7 41. Be4 Qb7 42. Qf3 Bxe4 43. Qxe4 Qxe4 44. Rxe4 Rd7 45. Rde1 Red8 46. g5 Kf7 47. gxf6 Kxf6 48. d5+ Kf7 49. dxe6+ Nxe6 50. Rxe6 Rd1 51. Re7+ Kf8 52. Bg7+ Kg8 53. Re8+ Kf7 54. Kf2 R8d2+ 55. R1e2 Rxe2+ 56. Rxe2 Rc1 57. Re4 Rc2+ 58. Re2 Rxc4 59. Kf3 Rc3+ 60. Kg4 Rc6 61. Rd2 Ke6 62. Be5 b5 63. Rd8 b4 64. Re8+ Kd5 65. Rh8 a5 66. Rxh7 Rc2 67. Rg7 Ke4 68. h7 Rg2+ 69. Kh3 Rh2+ 70. Kxh2 b3 71. axb3 1-0

[Event "Titled Tuesday intern op 30th Apr Early"]
[Site "Chess.com INT"]
[Date "2024.04.30"]
[Round "10"]
[White "Demina, Marya"]
[Black "Osinovsky, Stepan"]
[Result "0-1"]
[WhiteElo "1962"]
[BlackElo "2241"]
[PlyCount "78"]
[EventDate "2024.04.30"]
[EventType "swiss (blitz)"]
[EventRounds "11"]
[EventCountry "USA"]
[SourceTitle "CB19_2024"]
[SourceDate "2024.05.08"]
[SourceVersion "1"]
[SourceVersionDate "2024.05.08"]
[SourceQuality "1"]

1. d4 Nf6 2. Nf3 g6 3. c4 Bg7 4. Nc3 0-0 5. e4 d6 6. Be2 Nbd7 7. 0-0 e5 8. Re1 a5 9. Rb1 Re8 10. Bf1 c6 11. b3 Qb6 12. d5 cxd5 13. Nxd5 Nxd5 14. cxd5 Nc5 15. h3 f5 16. Nd2 fxe4 17. Nc4 Qd8 18. a3 b5 19. Ne3 Bd7 20. b4 axb4 21. axb4 Na4 22. Rb3 Rc8 23. Bd2 Rf8 24. Ng4 Qb6 25. Be3 Qb7 26. Qd2 h5 27. Nh6+ Kh7 28. Bg5 Nb6 29. Rxe4 Nc4 30. Bxc4 bxc4 31. Rg3 c3 32. Qc1 Qxd5 33. Re1 c2 34. Be3 Ba4 35. h4 Qd1 36. Kh2 Qxc1 37. Bxc1 Bxh6 38. Bxh6 Kxh6 39. Rc1 Rxf2 0-1

[Event "Titled Tuesday intern op 30th Apr Early"]
[Site "Chess.com INT"]
[Date "2024.04.30"]
[Round "5"]
[White "Mazurkiewicz, Michal"]
[Black "Demina, Marya"]
[Result "1/2-1/2"]
[WhiteElo "2145"]
[BlackElo "1962"]
[PlyCount "88"]
[EventDate "2024.04.30"]
[EventType "swiss (blitz)"]
[EventRounds "11"]
[EventCountry "USA"]
[SourceTitle "CB19_2024"]
[SourceDate "2024.05.08"]
[SourceVersion "1"]
[SourceVersionDate "2024.05.08"]
[SourceQuality "1"]

1. e4 c6 2. d3 d5 3. Nd2 e5 4. Ngf3 Bg4 5. h3 Bh5 6. g4 Bg6 7. Nxe5 dxe4 8. dxe4 Bc5 9. Nxg6 hxg6 10. Bg2 Nf6 11. Qe2 g5 12. Nb3 Nfd7 13. Nxc5 Nxc5 14. Bd2 Ne6 15. 0-0-0 Qb6 16. Rhf1 Nd7 17. Be3 Qa5 18. Qd2 Qxd2+ 19. Rxd2 0-0-0 20. Rfd1 b6 21. Rd6 Kc7 22. a4 Ne5 23. Rxd8 Rxd8 24. Rxd8 Kxd8 25. a5 Kc7 26. b3 Ng6 27. Bf1 Ngf4 28. Kd2 c5 29. axb6+ axb6 30. Kc3 Kc6 31. b4 g6 32. Kb3 b5 33. bxc5 Nxc5+ 34. Bxc5 Kxc5 35. Kc3 b4+ 36. Kb3 Ne6 37. c3 bxc3 38. Kxc3 f6 39. Kd3 Kd6 40. Ke3 Ke5 41. Bc4 Nf4 42. Bf1 Ne6 43. Bg2 Nf4 44. Bf1 Ne6 1/2-1/2

[Event "Titled Tuesday intern op 16th Apr Late"]
[Site "Chess.com INT"]
[Date "2024.04.16"]
[Round "4"]
[White "Demina, Marya"]
[Black "Shevchuk, Olexandr"]
[Result "0-1"]
[WhiteElo "1962"]
[BlackElo "2093"]
[PlyCount "94"]
[EventDate "2024.04.16"]
[EventType "swiss (blitz)"]
[EventRounds "11"]
[EventCountry "USA"]
[SourceTitle "CB17_2024"]
[SourceDate "2024.04.24"]
[SourceVersion "1"]
[SourceVersionDate "2024.04.24"]
[SourceQuality "1"]

1. d4 d5 2. c4 e6 3. Nc3 c6 4. e3 Nf6 5. Bd3 Nbd7 6. Nf3 dxc4 7. Bxc4 b5 8. Bd3 Bb7 9. e4 b4 10. Na4 c5 11. e5 Nd5 12. 0-0 cxd4 13. Re1 Be7 14. Nxd4 h6 15. Qe2 Nc5 16. Nxc5 Bxc5 17. Bb5+ Ke7 18. Nb3 Bb6 19. a4 Nc7 20. Bd3 Qd5 21. Be4 Qxe4 22. Qxe4 Bxe4 23. Rxe4 a5 24. Be3 Bxe3 25. Rxe3 Nd5 26. Rg3 g6 27. h4 Nf4 28. Re1 Rhd8 29. Ree3 Rd1+ 30. Kh2 Rb1 31. Rgf3 Nd5 32. Rd3 Rxb2 33. Nc5 Re2 34. Nb3 Rxe5 35. Nd4 Rc8 36. g4 Re4 37. Kg3 Rc4 38. Nb5 Rxg4+ 39. Kh2 Rxh4+ 40. Kg1 Rcg4+ 41. Kf1 Nf4 42. Ke1 Nxd3+ 43. Rxd3 Re4+ 44. Kd2 b3 45. Kc3 Rxa4 46. Kxb3 Rab4+ 47. Kc3 Rxb5 0-1

[Event "Titled Tuesday intern op 02nd Apr Late"]
[Site "Chess.com INT"]
[Date "2024.04.02"]
[Round "2"]
[White "Demina, Marya"]
[Black "Vlachos, Anatole"]
[Result "0-1"]
[WhiteElo "1962"]
[BlackElo "2482"]
[PlyCount "74"]
[EventDate "2024.04.02"]
[EventType "swiss (blitz)"]
[EventRounds "11"]
[EventCountry "USA"]
[SourceTitle "CB15_2024"]
[SourceDate "2024.04.10"]
[SourceVersion "1"]
[SourceVersionDate "2024.04.10"]
[SourceQuality "1"]

1. d4 f5 2. g3 Nf6 3. Bg2 e6 4. Nf3 Be7 5. 0-0 0-0 6. c4 d6 7. Nc3 Ne4 8. Qc2 Nxc3 9. Qxc3 a5 10. b3 Nc6 11. Bb2 Bf6 12. Qd2 e5 13. dxe5 dxe5 14. Qd5+ Kh8 15. Rad1 Qe8 16. e4 Nb4 17. Qd2 fxe4 18. Ng5 Bg4 19. Nxe4 Rd8 20. Qc1 Bxd1 21. Rxd1 Nd3 22. Qb1 Nxb2 23. Rxd8 Qxd8 24. Qxb2 Qd1+ 25. Bf1 Qd4 26. Qe2 Be7 27. Kg2 Bc5 28. h4 h6 29. Kg1 a4 30. Bg2 a3 31. h5 b6 32. Kh2 Qb2 33. Bf1 Bxf2 34. Qxb2 axb2 35. Bd3 Bd4 36. Kg2 c6 37. Bb1 b5 0-1

[Event "Titled Tuesday intern op 02nd Apr Late"]
[Site "Chess.com INT"]
[Date "2024.04.02"]
[Round "4"]
[White "Guo, Anni"]
[Black "Demina, Marya"]
[Result "0-1"]
[WhiteElo "1902"]
[BlackElo "1962"]
[PlyCount "42"]
[EventDate "2024.04.02"]
[EventType "swiss (blitz)"]
[EventRounds "11"]
[EventCountry "USA"]
[SourceTitle "CB15_2024"]
[SourceDate "2024.04.10"]
[SourceVersion "1"]
[SourceVersionDate "2024.04.10"]
[SourceQuality "1"]

1. b3 c5 2. Bb2 Nc6 3. e3 Nf6 4. d4 cxd4 5. exd4 d5 6. Nf3 Bg4 7. Be2 e6 8. h3 Bh5 9. Nbd2 Bd6 10. c4 0-0 11. 0-0 Rc8 12. Ne5 Bxe2 13. Qxe2 Bb8 14. Rad1 dxc4 15. Ndxc4 b5 16. Nxc6 Rxc6 17. Ne5 Bxe5 18. dxe5 Nd5 19. Qxb5 Rc2 20. Rb1 Qg5 21. Rfc1 Rxb2 0-1

[Event "Titled Tuesday intern op 02nd Apr Early"]
[Site "Chess.com INT"]
[Date "2024.04.02"]
[Round "3"]
[White "Tulchynskyi, Feliks"]
[Black "Demina, Marya"]
[Result "1/2-1/2"]
[WhiteElo "2233"]
[BlackElo "1962"]
[PlyCount "248"]
[EventDate "2024.04.02"]
[EventType "swiss (blitz)"]
[EventRounds "11"]
[EventCountry "USA"]
[SourceTitle "CB15_2024"]
[SourceDate "2024.04.10"]
[SourceVersion "1"]
[SourceVersionDate "2024.04.10"]
[SourceQuality "1"]

1. e4 c6 2. d4 d5 3. e5 Bf5 4. Nf3 e6 5. Be2 c5 6. 0-0 Nc6 7. c3 Nge7 8. Re1 cxd4 9. cxd4 Bg6 10. Nbd2 Nf5 11. Nf1 Be7 12. Ng3 0-0 13. Bf4 Qb6 14. Nxf5 Bxf5 15. Be3 Qxb2 16. Qb3 Qxb3 17. axb3 Nb4 18. Rec1 Nc2 19. Ra2 Rfc8 20. Rd1 Nb4 21. Rb2 a6 22. Ne1 Rc6 23. g4 Bg6 24. f4 h6 25. Nd3 Rac8 26. Nc5 b6 27. Nxa6 Nxa6 28. Bxa6 R8c7 29. Rf1 Be4 30. f5 Rc3 31. Bd2 Rc2 32. Rxc2 Rxc2 33. Rf2 Bh4 34. Re2 Bf3 35. Re3 Bxg4 36. Be1 Bg5 37. Rc3 Ra2 38. Bd3 Bxf5 39. Bxf5 exf5 40. Rc8+ Kh7 41. Rc6 Ra1 42. Kf2 Bh4+ 43. Kf3 Bxe1 44. Rxb6 Bc3 45. Rb5 Bxd4 46. Rxd5 Bc3 47. Rc5 Bd4 48. Rd5 Bb2 49. b4 Ra3+ 50. Kf4 Rb3 51. b5 g6 52. Rd7 Kg8 53. Rb7 Rb4+ 54. Ke3 Bxe5 55. Kd3 Bxh2 56. Kc3 Rb1 57. Kc2 Rb4 58. Kc3 Re4 59. b6 Re8 60. Rd7 Kg7 61. b7 g5 62. Kd4 Be5+ 63. Kd5 f4 64. Ke4 h5 65. Rd5 Bf6+ 66. Kf5 Rb8 67. Rb5 f3 68. Rb1 g4 69. Kf4 Kg6 70. Kg3 Be5+ 71. Kh4 f6 72. Rb3 Bf4 73. Rb1 Bg5+ 74. Kg3 Kf5 75. Rb5+ Kg6 76. Rb6 h4+ 77. Kxg4 f2 78. Rb1 Be3 79. Kf3 Bc5 80. Kg2 Kg5 81. Rb5 f5 82. Rxc5 Rxb7 83. Rc8 Rg7 84. Kxf2 Kg4 85. Rh8 f4 86. Rb8 h3 87. Rh8 Rg5 88. Rh7 f3 89. Rh8 Rf5 90. Rg8+ Kf4 91. Rh8 Ra5 92. Rh4+ Kg5 93. Rxh3 Kg4 94. Rg3+ Kh4 95. Rxf3 Kg4 96. Rb3 Kf4 97. Ke1 Ke4 98. Rh3 Ra2 99. Kd1 Kf4 100. Kc1 Rg2 101. Rb3 Ke4 102. Rb4+ Kd5 103. Rb3 Kc4 104. Rh3 Kd5 105. Kd1 Kc4 106. Ke1 Ra2 107. Rh4+ Kd5 108. Rh8 Ke4 109. Re8+ Kf4 110. Kd1 Kg4 111. Kc1 Rh2 112. Rf8 Kg5 113. Kd1 Kg6 114. Rg8+ Kf7 115. Rg3 Ke6 116. Ke1 Kf5 117. Kf1 Ra2 118. Rb3 Ke4 119. Rb4+ Ke5 120. Rb3 Ke4 121. Ke1 Ke5 122. Kd1 Ke4 123. Kc1 Rh2 124. Rg3 Ke5 1/2-1/2

[Event "Titled Tuesday intern op 12th Mar Late"]
[Site "Chess.com INT"]
[Date "2024.03.12"]
[Round "9"]
[White "Bonin, Jay R"]
[Black "Demina, Marya"]
[Result "1-0"]
[WhiteElo "2154"]
[BlackElo "1962"]
[PlyCount "47"]
[EventDate "2024.03.12"]
[EventType "swiss (blitz)"]
[EventRounds "11"]
[EventCountry "USA"]
[SourceTitle "CB12_2024"]
[SourceDate "2023.10.01"]
[SourceVersion "1"]
[SourceVersionDate "2023.10.01"]
[SourceQuality "1"]

1. b3 Nf6 2. Bb2 c5 3. Bxf6 gxf6 4. c4 Nc6 5. Nc3 d6 6. g3 Bg7 7. Bg2 f5 8. Rc1 Bd7 9. e3 h5 10. h4 a6 11. Nge2 e5 12. 0-0 Bf6 13. Nd5 Bg7 14. f4 e4 15. d3 exd3 16. Qxd3 Be6 17. e4 fxe4 18. Bxe4 Bd4+ 19. Nxd4 Nxd4 20. f5 Bd7 21. f6 Qa5 22. Rf2 0-0-0 23. b4 Qa4 24. Nb6+ 1-0

[Event "Titled Tuesday intern op 13th Feb Early"]
[Site "Chess.com INT"]
[Date "2024.02.13"]
[Round "7"]
[White "Demina, Marya"]
[Black "Lancman, Kyle"]
[Result "1/2-1/2"]
[WhiteElo "1936"]
[BlackElo "2075"]
[PlyCount "139"]
[EventDate "2024.02.13"]
[EventType "swiss (blitz)"]
[EventRounds "11"]
[EventCountry "USA"]
[SourceTitle "CB08_2024"]
[SourceDate "2024.02.21"]
[SourceVersion "1"]
[SourceVersionDate "2024.02.21"]
[SourceQuality "1"]

1. d4 d5 2. c4 e6 3. Nc3 Nf6 4. Nf3 c5 5. cxd5 Nxd5 6. e4 Nxc3 7. bxc3 cxd4 8. cxd4 Bb4+ 9. Bd2 Bxd2+ 10. Qxd2 0-0 11. Bd3 Nc6 12. Bc2 Qe7 13. 0-0 Rd8 14. e5 Nb4 15. Be4 Nd5 16. Rfd1 b6 17. h4 h6 18. Bc2 Ba6 19. a3 Rac8 20. Be4 Rc7 21. g4 Nc3 22. Re1 Nxe4 23. Rxe4 Bb7 24. Rf4 Bxf3 25. Rxf3 Qxh4 26. Rg3 Rcd7 27. Rd1 Qg5 28. f4 Qh4 29. Kg2 Qe7 30. g5 Rxd4 31. Qxd4 Rxd4 32. Rxd4 hxg5 33. Rxg5 g6 34. Rg3 Qc5 35. Rgd3 Kg7 36. Rd8 Qc6+ 37. Kg3 Qe4 38. R8d7 g5 39. fxg5 Qxe5+ 40. Kg4 Qf5+ 41. Kh4 Kg6 42. Rg3 Qf4+ 43. Kh3 Qf1+ 44. Kh2 Qf2+ 45. Kh3 Qf5+ 46. Kh2 Qa5 47. Rf3 Qxg5 48. Rfxf7 Qh5+ 49. Kg3 Qg5+ 50. Kh3 Qe3+ 51. Kg2 Qxa3 52. Rg7+ Kf6 53. Rxa7 Qb2+ 54. Kf3 Qc3+ 55. Ke2 Qc4+ 56. Ke3 Qc3+ 57. Ke2 Kf5 58. Rgf7+ Ke5 59. Rad7 b5 60. Ra7 b4 61. Rab7 Qc4+ 62. Ke3 b3 63. Rfc7 Qd4+ 64. Ke2 b2 65. Rb5+ Kf6 66. Rcb7 Qe4+ 67. Kd2 Qd4+ 68. Ke2 Qe4+ 69. Kd2 Qd4+ 70. Ke2 1/2-1/2

[Event "Titled Tuesday intern op 13th Feb Late"]
[Site "Chess.com INT"]
[Date "2024.02.13"]
[Round "7"]
[White "Demina, Marya"]
[Black "Ronka, Erik"]
[Result "0-1"]
[WhiteElo "1936"]
[BlackElo "2300"]
[PlyCount "76"]
[EventDate "2024.02.13"]
[EventType "swiss (blitz)"]
[EventRounds "11"]
[EventCountry "USA"]
[SourceTitle "CB08_2024"]
[SourceDate "2024.02.21"]
[SourceVersion "1"]
[SourceVersionDate "2024.02.21"]
[SourceQuality "1"]

1. d4 d5 2. c4 c6 3. e3 Nf6 4. Nc3 e6 5. Nf3 Nbd7 6. Bd3 dxc4 7. Bxc4 b5 8. Bd3 Bb7 9. 0-0 a6 10. Qe2 c5 11. Rd1 Qb6 12. Bc2 Be7 13. e4 cxd4 14. Nxd4 Ne5 15. h3 Rd8 16. Nf3 Rxd1+ 17. Qxd1 Nxf3+ 18. Qxf3 0-0 19. Be3 Bc5 20. Bg5 Nd7 21. Qg3 Bd6 22. Qh4 h6 23. Bxh6 gxh6 24. Qxh6 Be5 25. Re1 Bg7 26. Qh5 e5 27. Re3 Qh6 28. Qe2 b4 29. Na4 Rc8 30. Bb3 Kf8 31. Rf3 Nf6 32. Kh2 Bxe4 33. Rg3 Bg6 34. Qxe5 Kg8 35. Qd6 Rf8 36. Qe7 Qd2 37. Rxg6 Qxf2 38. Rg3 Qf4 0-1

[Event "Titled Tuesday intern op 13th Feb Late"]
[Site "Chess.com INT"]
[Date "2024.02.13"]
[Round "9"]
[White "Toniutti, Ezio"]
[Black "Demina, Marya"]
[Result "1-0"]
[WhiteElo "2204"]
[BlackElo "1936"]
[PlyCount "69"]
[EventDate "2024.02.13"]
[EventType "swiss (blitz)"]
[EventRounds "11"]
[EventCountry "USA"]
[SourceTitle "CB08_2024"]
[SourceDate "2024.02.21"]
[SourceVersion "1"]
[SourceVersionDate "2024.02.21"]
[SourceQuality "1"]

1. d4 Nf6 2. c4 c5 3. d5 b5 4. cxb5 a6 5. e3 axb5 6. Bxb5 Qa5+ 7. Nc3 Ne4 8. Nge2 Ba6 9. Bxa6 Nxa6 10. 0-0 Nxc3 11. Nxc3 d6 12. Bd2 Qb6 13. Qa4+ Kd8 14. Qf4 Ke8 15. Rab1 h6 16. a3 g5 17. Qa4+ Kd8 18. Nb5 Nc7 19. Qe4 Qxb5 20. Bc3 f6 21. b4 c4 22. Rfd1 Rxa3 23. Bd4 Rb3 24. Ra1 c3 25. Qg6 Qe8 26. Qc2 Rxb4 27. Qxc3 Qb5 28. Rdc1 Qb7 29. Bxf6 Kd7 30. Qc6+ Qxc6 31. dxc6+ Ke6 32. Bxh8 Rb6 33. Bd4 Rb5 34. Ra7 Nd5 35. c7 1-0

[Event "Titled Tuesday intern op 06th Feb Late"]
[Site "Chess.com INT"]
[Date "2024.02.06"]
[Round "8"]
[White "Demina, Marya"]
[Black "Khakhinov, Ilya"]
[Result "0-1"]
[WhiteElo "1936"]
[BlackElo "2236"]
[PlyCount "66"]
[EventDate "2024.02.06"]
[EventType "swiss (blitz)"]
[EventRounds "11"]
[EventCountry "USA"]
[SourceTitle "CB07_2024"]
[SourceDate "2024.02.14"]
[SourceVersion "1"]
[SourceVersionDate "2024.02.14"]
[SourceQuality "1"]

1. d4 d5 2. c4 dxc4 3. e3 Nf6 4. Bxc4 e6 5. Nf3 c5 6. 0-0 a6 7. a4 Nc6 8. Qe2 cxd4 9. Rd1 Be7 10. exd4 0-0 11. Nc3 Nb4 12. Bg5 Nfd5 13. Bxe7 Nxe7 14. Qe4 Ned5 15. Rac1 b6 16. Ne5 Bb7 17. Qg4 Qe7 18. h4 Rac8 19. Ne2 f5 20. Qg3 f4 21. Qg4 f3 22. gxf3 Rf6 23. h5 Rcf8 24. Kh2 Rh6 25. Rh1 Rf5 26. Kg1 Rg5 27. Ng3 Rxg4 28. Nxg4 Rf6 29. Nxf6+ Qxf6 30. Be2 Nf4 31. Re1 Qxd4 32. Ne4 Bxe4 33. fxe4 Qxe4 0-1

[Event "Titled Tuesday intern op 06th Feb Late"]
[Site "Chess.com INT"]
[Date "2024.02.06"]
[Round "7"]
[White "Demina, Marya"]
[Black "Thake, Conrad"]
[Result "1-0"]
[WhiteElo "1936"]
[BlackElo "1745"]
[PlyCount "59"]
[EventDate "2024.02.06"]
[EventType "swiss (blitz)"]
[EventRounds "11"]
[EventCountry "USA"]
[SourceTitle "CB07_2024"]
[SourceDate "2024.02.14"]
[SourceVersion "1"]
[SourceVersionDate "2024.02.14"]
[SourceQuality "1"]

1. d4 Nf6 2. Nf3 e6 3. Bg5 Be7 4. e3 d5 5. Bd3 c6 6. c3 Nbd7 7. Ne5 0-0 8. Nd2 h6 9. Bh4 Nxe5 10. dxe5 Nd7 11. Bg3 Qb6 12. b3 c5 13. 0-0 a5 14. Qg4 Qd8 15. Bf4 Qe8 16. Bxh6 g6 17. Bxf8 Qxf8 18. f4 Qg7 19. Rf3 a4 20. Raf1 axb3 21. axb3 Ra2 22. Nb1 Rb2 23. h4 Rxb3 24. Rg3 c4 25. Bc2 Rb2 26. Rf2 Nc5 27. h5 Ne4 28. Bxe4 Rxf2 29. hxg6 fxg6 30. Kxf2 1-0

[Event "Titled Tuesday intern op 16th Jan Late"]
[Site "Chess.com INT"]
[Date "2024.01.16"]
[Round "9"]
[White "Demina, Marya"]
[Black "Carrasco Miranda, Andres"]
[Result "0-1"]
[WhiteElo "1936"]
[BlackElo "2234"]
[PlyCount "74"]
[EventDate "2024.01.16"]
[EventType "swiss (blitz)"]
[EventRounds "11"]
[EventCountry "USA"]
[SourceTitle "CB04_2024"]
[SourceDate "2023.10.16"]
[SourceVersion "1"]
[SourceVersionDate "2023.10.16"]
[SourceQuality "1"]

1. d4 Nf6 2. Nf3 g6 3. c4 Bg7 4. Nc3 d5 5. Bg5 Ne4 6. cxd5 Nxg5 7. Nxg5 e6 8. Nf3 exd5 9. e3 0-0 10. Be2 c6 11. 0-0 Qd6 12. h3 Nd7 13. Rb1 a5 14. a3 Nf6 15. Ne5 Bf5 16. Bd3 Ne4 17. Bxe4 Bxe4 18. Nxe4 dxe4 19. Nc4 Qd5 20. Nb6 Qb5 21. Nxa8 Rxa8 22. Qc2 Re8 23. Rfc1 Bf8 24. Qc4 Qf5 25. b4 axb4 26. axb4 g5 27. b5 Re6 28. bxc6 bxc6 29. Rb8 Kg7 30. Rc2 g4 31. hxg4 Qxg4 32. Qe2 Qh4 33. g3 Rg6 34. Kg2 Bd6 35. Rb3 Bxg3 36. fxg3 Qxg3+ 37. Kf1 Qg1# 0-1

[Event "Titled Tuesday intern op 16th Jan Late"]
[Site "Chess.com INT"]
[Date "2024.01.16"]
[Round "2"]
[White "Demina, Marya"]
[Black "Olsson, Linus"]
[Result "1-0"]
[WhiteElo "1936"]
[BlackElo "2214"]
[PlyCount "30"]
[EventDate "2024.01.16"]
[EventType "swiss (blitz)"]
[EventRounds "11"]
[EventCountry "USA"]
[SourceTitle "CB04_2024"]
[SourceDate "2023.10.16"]
[SourceVersion "1"]
[SourceVersionDate "2023.10.16"]
[SourceQuality "1"]

1. d4 Nf6 2. Nf3 g6 3. c4 Bg7 4. Nc3 d5 5. Bg5 dxc4 6. e3 0-0 7. Bxc4 a6 8. a4 Nc6 9. 0-0 Bg4 10. h3 Bxf3 11. Qxf3 Rb8 12. Rac1 Nb4 13. Rfd1 Qd6 14. Bf4 c6 15. Bxd6 exd6 1-0

[Event "Titled Tuesday intern op 19th Dec Early"]
[Site "Chess.com INT"]
[Date "2023.12.19"]
[Round "6"]
[White "Demina, Marya"]
[Black "Fonseca Manrique, Enrique"]
[Result "0-1"]
[WhiteElo "1936"]
[BlackElo "2168"]
[PlyCount "82"]
[EventDate "2023.12.19"]
[EventType "swiss (blitz)"]
[EventRounds "11"]
[EventCountry "USA"]
[SourceTitle "CB52_2023"]
[SourceDate "2023.12.27"]
[SourceVersion "1"]
[SourceVersionDate "2023.12.27"]
[SourceQuality "1"]

1. d4 Nf6 2. Nf3 g6 3. c4 c5 4. Nc3 Bg7 5. e4 0-0 6. Be2 d6 7. 0-0 a6 8. Re1 Bg4 9. h3 Bxf3 10. Bxf3 cxd4 11. Qxd4 Nc6 12. Qd1 Rc8 13. Be2 Ne5 14. Qd4 Nfd7 15. Qa7 Nc5 16. Be3 Ra8 17. Bxc5 Rxa7 18. Bxa7 b6 19. Nd5 Nd7 20. Rab1 e6 21. Nb4 Qc7 22. Red1 Qxa7 23. Rxd6 Nc5 24. Bf3 Be5 25. Rd2 Qc7 26. Rbd1 a5 27. Nc2 Bxb2 28. Ne3 Bc3 29. Rd6 Bf6 30. Ng4 Be7 31. R6d2 Rd8 32. e5 Rxd2 33. Rxd2 Kg7 34. g3 Nd7 35. Re2 h5 36. Ne3 Nxe5 37. Be4 Bc5 38. Nc2 Nxc4 39. Kg2 Qd6 40. Bf3 Ne5 41. Be4 Qd1 0-1

[Event "Titled Tuesday intern op 19th Dec Early"]
[Site "Chess.com INT"]
[Date "2023.12.19"]
[Round "10"]
[White "Sava, Ana Maria"]
[Black "Demina, Marya"]
[Result "0-1"]
[WhiteElo "1916"]
[BlackElo "1936"]
[PlyCount "76"]
[EventDate "2023.12.19"]
[EventType "swiss (blitz)"]
[EventRounds "11"]
[EventCountry "USA"]
[SourceTitle "CB52_2023"]
[SourceDate "2023.12.27"]
[SourceVersion "1"]
[SourceVersionDate "2023.12.27"]
[SourceQuality "1"]

1. e4 c6 2. d4 d5 3. exd5 cxd5 4. Bd3 Nf6 5. c3 Nc6 6. Bf4 Bg4 7. Qb3 Qc8 8. Nd2 e6 9. Ngf3 Be7 10. 0-0 0-0 11. h3 Bh5 12. Rae1 a6 13. Ne5 Nxe5 14. Bxe5 Bg6 15. Bxg6 hxg6 16. f4 b5 17. a3 Ra7 18. Kh1 Rb7 19. Qd1 a5 20. Qf3 b4 21. axb4 axb4 22. g4 bxc3 23. bxc3 Rb2 24. Qd3 Qb7 25. Rb1 Rc8 26. f5 gxf5 27. gxf5 exf5 28. Rxb2 Qxb2 29. Qxf5 Rxc3 30. Nf3 Qe2 31. Kg1 Ne4 32. Qg4 g6 33. h4 Qe3+ 34. Kg2 Rc2+ 35. Kh3 Nf2+ 36. Rxf2 Qxf2 37. Bh2 Qf1+ 38. Kg3 Rg2+ 0-1